AFL Positions - Statistics

General Stats
  • This quiz has been taken 192 times
  • The average score is 13 of 18
Answer Stats
Hint Answer % Correct
FF full forward
95%
C centre
88%
R ruck
88%
W wing
87%
W wing
87%
RR ruck rover
83%
FB full back
82%
LFP left forward pocket
80%
CHB centre half back
78%
CHF centre half forward
78%
HBF half back flank
74%
HBF half back flank
74%
Ro rover
73%
RBP right back pocket
67%
HFF half forward flank
66%
HFF half forward flank
66%
LBF left back pocket
53%
RFP right foward pocket
10%
No matching quizzes found
Score Distribution
Percent of People with Each Score
Percentile by Number Answered
Your Score History
You have not taken this quiz